PSV Eindhoven Best Scorer By Year - Statistics

General Stats
  • This quiz has been taken 548 times
    344 since last reset
  • The average score is 12 of 37
Answer Stats
Player % Correct
Luuk de Jong
95%
Ronaldo
81%
Romário
72%
Cody Gakpo
71%
Ruud van Nistelrooy
71%
Xavi Simons
66%
Memphis Depay
65%
Hirving Lozano
60%
Donyell Malen
54%
Willy van der Kuijlen
52%
Mateja Kežman
49%
Ruud Gullit
49%
Luc Nilis
44%
Jürgen Locadia
38%
Coen Dillen
36%
Dries Mertens
35%
Jan Vennegoor of Hesselink
33%
Wim Kieft
32%
Jefferson Farfán
30%
Gastón Pereiro
28%
Danny Koevermans
22%
Balázs Dzsudzsák
21%
Ibrahim Afellay
18%
Ruud Geels
12%
Hallvar Thoresen
11%
Arthur Numan
9%
Gilles De Bilde
9%
Boudewijn Zenden
8%
Jurrie Koolhof
7%
Nii Lamptey
5%
Pierre Kerkhoffs
5%
Gerrie Deijkers
3%
Paul Postuma
3%
Johan Devrindt
2%
Lambertus Theunissen
2%
Nico Mares
2%
Piet Kruiver
2%
No matching quizzes found
Score Distribution
Percent of People with Each Score
Percentile by Number Answered
Your Score History
You have not taken this quiz since the last reset